[Event "SportAccord Blindfold Men 2012"]
[Site "Beijing CHN"]
[Date "2012.12.19"]
[Round "7.8"]
[White "Fressinet,L"]
[Black "Jobava,Ba"]
[Result "1/2-1/2"]
[WhiteElo "2700"]
[BlackElo "2711"]

1.e4 d6 2.d4 Nf6 3.Nc3 e5 4.Nf3 Nbd7 5.g4 Nxg4 6.Rg1 h5 7.h3 Nh6 8.Bc4 c6
9.Be3 g6 10.Qd2 Nb6 11.Bb3 Bxh3 12.Ng5 Bd7 13.O-O-O Qe7 14.a4 O-O-O 15.a5 Na8
16.dxe5 dxe5 17.Bxa7 f6 18.Ne6 Ng4 19.Nxd8 Bh6 20.Be3 Bxe3 21.fxe3 Rxd8 22.Na4 Kc7
23.Qc3 Nf2 24.Rdf1 Nxe4 25.Qe1 g5 26.c3 h4 27.Bc2 Ng3 28.Rxg3 hxg3 29.Qxg3 f5
30.Bxf5 Bxf5 31.Rxf5 Qd7 32.Qg4 Rh8 33.Qe4 Rh1+ 34.Qxh1 Qxf5 35.Nc5 g4 36.Qh6 Qf1+
37.Kc2 Qe2+ 38.Kc1 Qe1+ 39.Kc2 Qe2+ 40.Kc1 Qe1+  1/2-1/2

[Event "15th Padova Open 2012"]
[Site "Padova ITA"]
[Date "2012.12.19"]
[Round "5.6"]
[White "Codenotti,M"]
[Black "Lazic,Mir"]
[Result "1-0"]
[WhiteElo "2362"]
[BlackElo "2471"]

1.e4 d6 2.d4 Nf6 3.Nc3 e5 4.Nf3 Nbd7 5.Bc4 Be7 6.O-O O-O 7.Re1 c6 8.a4 a5
9.h3 exd4 10.Nxd4 Nc5 11.Bf4 Ne8 12.Be3 Nxe4 13.Nxe4 d5 14.Ng3 dxc4 15.Ndf5 Bxf5
16.Nxf5 Bb4 17.c3 Qf6 18.Qg4 h5 19.Qxh5 g6 20.Nh6+ Kh7 21.Qg4 Be7 22.Bd4 Qh4
23.Rxe7 Qxe7 24.Nf5 Qd8 25.Rd1 f6 26.Bc5  1-0

[Event "19th Zadar Open B"]
[Site "Zadar CRO"]
[Date "2012.12.21"]
[Round "8.3"]
[White "Pandurevic,M"]
[Black "Tesla,Miro"]
[Result "0-1"]
[WhiteElo "2269"]
[BlackElo "2017"]

1.e4 d6 2.d4 Nf6 3.Nc3 e5 4.Nf3 exd4 5.Nxd4 Be7 6.Be2 O-O 7.Bf4 Re8 8.O-O Bf8
9.Bf3 Nbd7 10.Bg5 c6 11.Re1 Ne5 12.Be2 Be7 13.Bf4 Qb6 14.a3 Bg4 15.f3 Bd7
16.Kh1 Rad8 17.Be3 Qc7 18.f4 Ng6 19.Qd2 Bf8 20.Bd3 b5 21.Nf3 Bc8 22.Bd4 Nh5
23.f5 Ne5 24.Be2 Nf6 25.Qe3 Rd7 26.Rad1 a6 27.Qf4 Bb7 28.Bf2 c5 29.Bh4 Be7
30.Bg5 Bd8 31.Nxe5 dxe5 32.Qg3 b4 33.Rxd7 Nxd7 34.Bh6 Bf6 35.Nd5 Bxd5 36.exd5 Qb7
37.axb4 Qxb4 38.Bxa6 Kh8 39.Bf4 Ra8 40.Bxe5 Nxe5 41.Rxe5 Bxe5 42.Qxe5 Qa4
43.Bf1 Qxc2 44.d6 Qf2 45.Ba6 Qd4 46.Qxd4 cxd4 47.d7 d3  0-1

[Event "World Cities Team GpD"]
[Site "Al-Ain UAE"]
[Date "2012.12.22"]
[Round "1.4"]
[White "Ali Marandi,C"]
[Black "Durarbayli,V"]
[Result "0-1"]
[WhiteElo "2354"]
[BlackElo "2587"]

1.e4 d6 2.d4 Nf6 3.Nc3 e5 4.Nf3 Nbd7 5.Bc4 Be7 6.O-O O-O 7.Re1 a6 8.a4 b6
9.b3 Bb7 10.Bb2 c6 11.d5 Nc5 12.Qe2 Ncxe4 13.Nxe4 cxd5 14.Nxf6+ Bxf6 15.Bxd5 Bxd5
16.Rad1 Bb7 17.Nxe5 Re8 18.Qg4 h5 19.Qxh5 Qc7 20.Nc4 Bxb2 21.Nxb2 Qc3 22.Nd3 Qxc2
23.h4 Qxb3 24.Qg4 Rxe1+ 25.Nxe1 Re8 26.Rc1 Re6 27.h5 b5 28.axb5 Qxb5 29.Nf3 Qe2
30.Rc3 Bxf3 31.Rxf3 a5 32.Qh4 Qe1+ 33.Kh2 Qe5+ 34.Kg1 Rf6 35.Re3 Qf5 36.Re2 Kh7
37.Rb2 Re6 38.Rd2 Re1+ 39.Kh2 Re4 40.Qh3 Qf4+ 41.g3 Qxd2 42.Qf5+ Kh6 43.Qxe4 Qxf2+
44.Kh3 Qf1+  0-1

[Event "World Cities Team GpF"]
[Site "Al-Ain UAE"]
[Date "2012.12.23"]
[Round "2.8"]
[White "Smeets,J"]
[Black "Popovic,Du"]
[Result "1/2-1/2"]
[WhiteElo "2614"]
[BlackElo "2579"]

1.e4 d6 2.d4 Nf6 3.Nc3 e5 4.Nf3 Nbd7 5.Bc4 Be7 6.a4 O-O 7.O-O a6 8.a5 exd4
9.Qxd4 Nc5 10.h3 Be6 11.Bxe6 Nxe6 12.Qc4 Nd7 13.Rd1 Re8 14.Nd5 Bf6 15.c3 Nec5
16.Re1 c6 17.Nb4 Qe7 18.Bf4 Qe6 19.Nd2 Qxc4 20.Nxc4 Rxe4 21.Rxe4 Nxe4 22.Nxd6 Nxd6
23.Bxd6 Rd8 24.Bc7 Rc8 25.Bf4 Rd8 26.Bc7 Rc8 27.Bf4 Rd8 28.Bc7  1/2-1/2

[Event "Groningen Open A"]
[Site "Groningen NED"]
[Date "2012.12.23"]
[Round "3.3"]
[White "Roy Chowdhury,S"]
[Black "Pancevski,F"]
[Result "1/2-1/2"]
[WhiteElo "2441"]
[BlackElo "2512"]

1.e4 d6 2.d4 Nf6 3.Nc3 e5 4.Nf3 Nbd7 5.Bc4 Be7 6.O-O O-O 7.a4 a6 8.Re1 b6
9.Ba2 Bb7 10.Bg5 h6 11.Bh4 Re8 12.Bg3 Bf8 13.dxe5 Nxe5 14.Nxe5 dxe5 15.Qf3 Qe7
16.Rad1  1/2-1/2

[Event "Groningen Open A"]
[Site "Groningen NED"]
[Date "2012.12.23"]
[Round "3.26"]
[White "Afek,Y"]
[Black "Basencyan,M"]
[Result "1-0"]
[WhiteElo "2311"]
[BlackElo "2112"]

1.e4 d6 2.d4 Nf6 3.Nc3 e5 4.Nf3 Nbd7 5.Bc4 Be7 6.O-O O-O 7.Re1 c6 8.a4 b6
9.d5 Bb7 10.a5 bxa5 11.Be3 Nb6 12.dxc6 Bxc6 13.Bd3 a4 14.Nh4 g6 15.Nf3 Qc7
16.h3 Nfd7 17.Bh6 Rfe8 18.Bf1 Nc5 19.Ng5 f6 20.Nf3 Qb7 21.Qb1 Bf8 22.Bxf8 Rxf8
23.Nd2 Kg7 24.Qa2 f5 25.exf5 gxf5 26.Rad1 Rf6 27.Nc4 Nxc4 28.Qxc4 Rg6 29.Rxd6 Rxd6
30.Qxc5 Re6 31.Rxe5 Rae8 32.Rxf5 Qb6 33.Qc4 Rf6 34.Rxf6 Kxf6 35.Qf4+ Kg7
36.Qg5+  1-0

[Event "6th Augusta Aragon Open"]
[Site "Zaragoza ESP"]
[Date "2012.12.24"]
[Round "4.4"]
[White "Ramiro Ovejero,J"]
[Black "Strikovic,A"]
[Result "0-1"]
[WhiteElo "2362"]
[BlackElo "2509"]

1.e4 d6 2.d4 Nf6 3.Nc3 e5 4.f4 exd4 5.Qxd4 c6 6.Nf3 Nbd7 7.Be3 d5 8.exd5 Bc5
9.Qd3 O-O 10.O-O-O cxd5 11.Bxc5 Nxc5 12.Qd4 Qa5 13.Kb1 Nce4 14.Nxe4 dxe4
15.Ne5 Bg4 16.b4 Qc7 17.Qd6 Qc3 18.Qd4 Qa3 19.Re1 a5 20.b5 Be6 21.Bc4 Qb4+
22.Qb2 Bxc4 23.Qxb4 Bxa2+ 24.Kxa2 axb4+ 25.Kb3 Rfc8 26.Nc4 Rc7 27.Ra1 Rac8
28.Nb6 Re8 29.Rhe1 Rc3+ 30.Kxb4 Rxc2 31.Ra8 Rxa8 32.Nxa8 Kf8 33.Nb6 Rxg2
34.Nc4 Rc2 35.Nd6 b6  0-1

[Event "Al Ain Classic 2012"]
[Site "Al-Ain UAE"]
[Date "2012.12.25"]
[Round "4.20"]
[White "Soozankar,A"]
[Black "Soloviova,L"]
[Result "1/2-1/2"]
[WhiteElo "2223"]
[BlackElo "2287"]

1.d4 Nf6 2.Nc3 d6 3.e4 c6 4.f4 g6 5.e5 Nd5 6.Ne4 b5 7.Qe2 Bg7 8.Nf3 O-O 9.a4 a6
10.Qf2 f6 11.axb5 dxe5 12.dxe5 Bf5 13.Ng3 fxe5 14.Nxe5 Qd6 15.Nxf5 Rxf5 16.Bd3 Rf8
17.Nc4 Qe6+ 18.Qe2 Rf6 19.O-O cxb5 20.Ne5 Nc6 21.Nxc6 Qxc6 22.c4 bxc4 23.Bxc4 Kh8
24.Qe4 Nb4 25.Qe2 Rc8 26.b3 Nd5 27.Qd2 Rxf4 28.Rxf4 Nxf4 29.Bb2 Qc5+ 30.Kh1 e5
31.Rxa6 Qe7 32.Rd6 Nh5 33.Rd7 Qh4 34.Kg1 Rf8 35.g3 Qe4 36.Rd8 Nf6 37.Rxf8+ Bxf8
38.Qd8 Qe3+ 39.Kg2 Qe4+ 40.Kg1 Qe3+  1/2-1/2

[Event "Al Ain Classic 2012"]
[Site "Al-Ain UAE"]
[Date "2012.12.25"]
[Round "4.19"]
[White "Karthikeyan,M2"]
[Black "Karim,I"]
[Result "1-0"]
[WhiteElo "2315"]
[BlackElo "2383"]

1.e4 d6 2.d4 Nf6 3.Nc3 c6 4.Nf3 Bg4 5.Be2 Nbd7 6.a4 e5 7.O-O Be7 8.a5 O-O
9.Be3 Qc7 10.h3 Bh5 11.Nd2 Bg6 12.f4 exf4 13.Bxf4 Rad8 14.b4 Rfe8 15.Kh1 Nf8
16.Rb1 Ne6 17.Be3 d5 18.e5 Nd7 19.Bg4 Ndf8 20.Ne2 f6 21.Nf4 Nxf4 22.Bxf4 fxe5
23.Bxe5 Bd6 24.Bxd6 Qxd6 25.b5 c5 26.b6 a6 27.Nb3 cxd4 28.Nxd4 Qc5 29.Qd2 h5
30.Bf3 Nh7 31.Rfe1 Qd6 32.Rxe8+ Rxe8 33.Nb5 Qg3 34.Nc7 Rf8 35.Qxd5+ Kh8 36.Rf1 Ng5
37.Ne6 Nxf3 38.Rxf3 Rxf3 39.Qd8+ Kh7 40.Ng5+ Qxg5 41.Qxg5 Rf5 42.Qe7 Rf7
43.Qe6 Rf5 44.Kh2 Rf6 45.Qd5 Rf7 46.c4 Re7 47.c5 Be8 48.Kg3 Bc6 49.Qxh5+ Kg8
50.Kf2 Rf7+ 51.Kg1 Rd7 52.Qe8+ Kh7 53.Qe2 Rd5 54.Qc2+ Kg8 55.g4  1-0

[Event "21st Donau Open 2012"]
[Site "Aschach AUT"]
[Date "2012.12.26"]
[Round "1"]
[White "Wegerer,J"]
[Black "Biti,O"]
[Result "0-1"]
[WhiteElo "2040"]
[BlackElo "2363"]

1.e4 d6 2.d4 Nf6 3.Nc3 e5 4.dxe5 dxe5 5.Qxd8+ Kxd8 6.Bc4 Ke8 7.Nd5 Nxd5 8.Bxd5 Nd7
9.f3 c6 10.Bc4 a5 11.a4 Bc5 12.Bd2 Ke7 13.Ne2 f6 14.Nc1 Rd8 15.Nd3 Bb6 16.Ke2 Nf8
17.Be3 Bxe3 18.Kxe3 Be6 19.Bxe6 Nxe6 20.c3 Rd7 21.Rhd1 Rad8 22.g3 Nc5 23.Nf2 Rxd1
24.Nxd1 Nb3 25.Ra3 Nd2 26.Ke2 Nc4 27.Ra1 Rd2+ 28.Ke1 Rxh2 29.Nf2 Nxb2 30.Ra3 Nc4
31.Rb3 b6 32.Ke2 Rg2 33.g4 Kd6 34.Rb1 Rh2 35.Rd1+ Ke7 36.Rb1 h6 37.Ra1 h5
38.gxh5 Rxh5 39.Rg1 Rh7 40.Ng4 b5 41.axb5 cxb5 42.Rd1 a4 43.Ra1 a3 44.Kd3 Rh8
45.Ne3 Rd8+  0-1

[Event "21st Donau Open 2012"]
[Site "Aschach AUT"]
[Date "2012.12.26"]
[Round "1"]
[White "Bittner,R"]
[Black "Neuman,P"]
[Result "0-1"]
[WhiteElo "2060"]
[BlackElo "2471"]

1.e4 d6 2.d4 Nf6 3.Nc3 e5 4.dxe5 dxe5 5.Qxd8+ Kxd8 6.Bg5 Be6 7.Rd1+ Nd7 8.a3 c6
9.f3 Kc7 10.g3 h6 11.Be3 g5 12.h4 Bc5 13.Bxc5 Nxc5 14.b4 Ncd7 15.g4 gxh4
16.Rxh4 a5 17.b5 h5 18.gxh5 Nxh5 19.Bh3 Nf4 20.Bxe6 Nxe6 21.Rxh8 Rxh8 22.bxc6 bxc6
23.Nge2 Rh2 24.Kf1 Ng5 25.Rd3 Nc5 26.Re3 Rh1+ 27.Ng1 Nge6 28.Kg2 Rh8 29.Nce2 Rb8
30.Kg3 Rb2 31.c4 Rc2 32.Rc3 Rd2 33.Kf2 Na4 34.Ke3 Ra2 35.Rd3 Nec5 36.Nc3 Ra1  0-1

[Event "Groningen Open A"]
[Site "Groningen NED"]
[Date "2012.12.26"]
[Round "5.7"]
[White "Maris,Iv"]
[Black "Burg,T"]
[Result "0-1"]
[WhiteElo "2086"]
[BlackElo "2498"]

1.d4 Nf6 2.Nc3 d6 3.e4 Nbd7 4.Nf3 e5 5.Bc4 Be7 6.O-O O-O 7.Re1 c6 8.a4 a5
9.h3 Qc7 10.g4 Nb6 11.Bd3 Re8 12.dxe5 dxe5 13.Ne2 h5 14.g5 Nh7 15.h4 g6 16.Nh2 f6
17.Kh1 fxg5 18.Bxg5 Nxg5 19.hxg5 Rf8 20.Ng3 Bc5 21.f3 Bf2 22.Ngf1 Bxe1 23.Qxe1 Kh7
24.Qf2 Be6 25.b3 Nd7 26.Rd1 Rad8 27.Ne3 Nc5 28.Qh4 Kg8 29.Be2 Rxd1+ 30.Bxd1 Qd8
31.Qg3 Qd4 32.Qe1 b5 33.c3 Qd8 34.axb5 cxb5 35.Qg3 Qd2 36.Nhf1 Qxc3 37.Be2 a4  0-1

[Event "ch-CAN Junior 2013"]
[Site "Toronto CAN"]
[Date "2012.12.26"]
[Round "9.4"]
[White "Szalay,K"]
[Black "Song,Michael"]
[Result "1/2-1/2"]
[WhiteElo "2159"]
[BlackElo "2177"]

1.e4 d6 2.d4 Nf6 3.Nc3 c6 4.f3 e5 5.Be3 Be7 6.Qd2 Nbd7 7.O-O-O O-O 8.g4 b5
9.Nce2 d5 10.g5 Nh5 11.exd5 Nb6 12.Ng3 Nxd5 13.Nxh5 Nxe3 14.Qxe3 Bxg5 15.f4 exf4
16.Qf3 Be6 17.Bd3 Bh6 18.Qe4 g6 19.Qe5 Bc8 20.Kb1 f6 21.Qe4 Qd6 22.Ne2 Bg4
23.Nhxf4 Bxf4 24.Qxf4 Qxf4 25.Nxf4 Bxd1 26.Rxd1 Rae8 27.d5 cxd5 28.Bxb5 Re5
29.Nxd5 f5 30.c4 f4 31.c5 f3 32.Kc2 f2 33.c6 Kg7 34.b4 Re1 35.Bf1 Kf7 36.Bh3 Re2+
37.Kd3 Re1 38.Kd2 Rd8 39.Kc2 Rxd1 40.Kxd1 Rxd5+ 41.Ke2 Re5+ 42.Kxf2 Re7 43.Bd7 Rxd7
44.cxd7 Ke7 45.Ke3 Kxd7 46.Kf4 Kc6 47.Kg5 Kb5 48.h4 Kxb4 49.Kh6 Ka3 50.Kxh7 Kxa2
51.Kxg6 Kb1 52.h5 a5 53.h6 a4 54.h7 a3 55.h8=Q a2 56.Qb8+ Ka1 57.Qd6 Kb1
58.Qd1+ Kb2 59.Qd2+ Kb1  1/2-1/2

[Event "World Cities Team KO"]
[Site "Al-Ain UAE"]
[Date "2012.12.27"]
[Round "3.6"]
[White "Guseinov,G"]
[Black "Markus,Rob"]
[Result "1-0"]
[WhiteElo "2628"]
[BlackElo "2619"]

1.e4 d6 2.d4 Nf6 3.Nc3 e5 4.Nf3 Nbd7 5.Bc4 Be7 6.O-O Nb6 7.Bd3 Nfd7 8.Re1 O-O
9.Be3 c6 10.h3 Re8 11.a4 a5 12.Bf1 Bf8 13.d5 Nf6 14.Ra3 cxd5 15.exd5 Bd7
16.Bxb6 Qxb6 17.Rb3 Qc7 18.Nd2 Bf5 19.Nc4 Nd7 20.Nb5 Qb8 21.g4 Bg6 22.h4 h6
23.g5 Nc5 24.Rg3 h5 25.Be2 Bf5 26.Bxh5 Bd7 27.g6 f5 28.Bf3 Bxb5 29.axb5 Qd8
30.Rg5 Be7 31.Rxf5 Rf8 32.Be4 Rxf5 33.Bxf5 Bxh4 34.Qh5 Bf6 35.Ne3 Kf8 36.Be6 Nxe6
37.Nf5  1-0

[Event "Al Ain Classic 2012"]
[Site "Al-Ain UAE"]
[Date "2012.12.27"]
[Round "6.30"]
[White "Ayyad,H"]
[Black "Soloviova,L"]
[Result "0-1"]
[WhiteElo "2205"]
[BlackElo "2287"]

1.e4 d6 2.d4 Nf6 3.Nc3 c6 4.a4 Nbd7 5.Be3 e5 6.Bc4 Be7 7.f3 a6 8.Nge2 O-O
9.Qd2 Rb8 10.dxe5 Nxe5 11.Bb3 b5 12.a5 Be6 13.Bxe6 fxe6 14.b3 c5 15.O-O Nc6
16.Rfd1 Qe8 17.Nf4 Qf7 18.Nce2 Ne8 19.c3 b4 20.c4 Bd8 21.Qc2 Bf6 22.Ra2 Rd8
23.Nd3 Nc7 24.Nf2 Qe7 25.Ng4 Ne8 26.h3 Be5 27.f4 Bf6 28.Nh2 e5 29.f5 Nd4
30.Qd3 Bg5 31.Bf2 g6 32.fxg6 hxg6 33.Be3 Ng7 34.Ng4 Nge6 35.Rb2 Kg7 36.Rbb1 Qb7
37.Rf1 Nxe2+ 38.Qxe2 Qxe4 39.Qd2 Bxe3+ 40.Nxe3 Nf4 41.Rbe1 Qd4 42.Qc2 Nd3
43.Re2 Rxf1+ 44.Kxf1 Rf8+ 45.Kg1 Rf2 46.Qd2 Rxe2 47.Qxe2 Nc1 48.Qf3 e4 49.Qf2 Nxb3
50.Kh1 Nd2 51.Qg3 Qa1+ 52.Kh2 Qe5  0-1

[Event "21st Donau Open 2012"]
[Site "Aschach AUT"]
[Date "2012.12.27"]
[Round "3"]
[White "Seyfried,C"]
[Black "Beil,Z"]
[Result "1/2-1/2"]
[WhiteElo "2177"]
[BlackElo "2253"]

1.e4 d6 2.d4 Nf6 3.Nc3 c6 4.Nf3 g6 5.Bg5 Bg7 6.h3 O-O 7.a4 a5 8.Bc4 Nxe4
9.Nxe4 d5 10.Bd3 dxe4 11.Bxe4 Nd7 12.O-O h6 13.Bd2 c5 14.c3 cxd4 15.Nxd4 Nc5
16.Bc2 Bd7 17.Be3 Qe8 18.Nf5 Bxf5 19.Bxf5 Rd8 20.Qc2 gxf5 21.Bxc5  1/2-1/2

[Event "21st Donau Open 2012"]
[Site "Aschach AUT"]
[Date "2012.12.27"]
[Round "3"]
[White "Wertjanz,Dav"]
[Black "Neuman,P"]
[Result "1/2-1/2"]
[WhiteElo "2259"]
[BlackElo "2471"]

1.e4 d6 2.d4 Nf6 3.Nc3 e5 4.Nf3 Nbd7 5.Bc4 Be7 6.O-O O-O 7.Re1 c6 8.a4 a5
9.h3 Nb6 10.Ba2 Nfd7 11.Be3 exd4 12.Bxd4 Nc5 13.Bxc5 dxc5 14.Qe2 Qd6 15.Rad1 Qg6
16.Ne5 Qg5 17.f4 Qxf4 18.Nxf7 c4 19.Rf1 Bc5+ 20.Kh1 Qe3 21.Bxc4 Qxe2 22.Nh6+ Kh8
23.Rxf8+ Bxf8 24.Nf7+ Kg8 25.Nh6+ Kh8 26.Nf7+ Kg8  1/2-1/2

[Event "XXIII Krakow Open"]
[Site "Krakow POL"]
[Date "2012.12.27"]
[Round "1.4"]
[White "Skawinski,A"]
[Black "Malaniuk,V"]
[Result "1-0"]
[WhiteElo "2239"]
[BlackElo "2523"]

1.e4 d6 2.d4 Nf6 3.Nc3 e5 4.dxe5 dxe5 5.Qxd8+ Kxd8 6.Bg5 Be6 7.f4 exf4 8.Nf3 Kc8
9.O-O-O Nbd7 10.Bxf4 Nh5 11.g3 Bc5 12.Kb1 Re8 13.Be2 Nxf4 14.gxf4 Bg4 15.h3 Bh5
16.Rd5 Bxf3 17.Bxf3 c6 18.Rh5 h6 19.Bg4 Bf8 20.Rd1 Rd8 21.Rf5 f6 22.Nd5 cxd5
23.Rfxd5 Kc7 24.Bxd7 a5 25.e5 Be7 26.e6 g5 27.R1d4 Ra6 28.f5 Rd6 29.Rc5+ Kb6
30.Rb5+ Ka6 31.Rxd6+ Bxd6 32.Rd5 Be7 33.a4 Kb6 34.Kc1 h5 35.Kd2 Kc7 36.Ke2 b6
37.Kf3 Bc5 38.c3 Rg8 39.Bb5 g4+ 40.hxg4 hxg4+ 41.Kg2 Rg7 42.Be8 Bd6 43.Bg6 Rg8
44.Rd4 Rh8 45.Rxg4 Rh2+ 46.Kf3 Rxb2 47.Rh4 Be7 48.Rc4+ Kb8 49.Kg4 Rg2+ 50.Kf3 Rb2
51.Be8 Rd2 52.Bd7 Kb7 53.Bc8+ Kb8 54.Ba6 Rd5 55.Kg4 Bc5 56.Re4 Be7 57.Rd4 Rc5  1-0

[Event "22nd North American Open"]
[Site "Las Vegas USA"]
[Date "2012.12.27"]
[Round "3.22"]
[White "Prathiba,Y"]
[Black "Young,An"]
[Result "0-1"]
[WhiteElo "2204"]
[BlackElo "2341"]

1.e4 d6 2.d4 Nf6 3.Nc3 c6 4.Nf3 Qa5 5.Bd2 Qc7 6.h3 Nbd7 7.Bc4 b5 8.Bb3 b4
9.Ne2 Nxe4 10.Bxb4 d5 11.c4 a5 12.Bc3 e6 13.O-O Bd6 14.Rc1 O-O 15.cxd5 exd5
16.Bd2 Nb6 17.Be3 a4 18.Bc2 Nc4 19.Bxe4 dxe4 20.Ng5 Nxb2 21.Qc2 Nd3 22.Nxe4 Nxc1
23.Rxc1 Ra5 24.Nxd6 Qxd6 25.Qxc6 Qxc6 26.Rxc6 Be6 27.a3 Rc8 28.Rb6 h6 29.Bd2 Raa8
30.Bf4 Rc2 31.Ng3 Rd8 32.Bd6 Rc3 33.Bc5 Rc1+ 34.Kh2 Rc2 35.Kg1 Rc1+ 36.Kh2 Rc2
37.Kg1 Kh7 38.Nh5 Bb3 39.Ng3 Re8 40.Bb4 Rc4 41.Nf5 Re2 42.Ne3 Rxd4 43.g3 Ra2
44.Rb5 Be6 45.Kg2 Rd3 46.Re5 Rb3 47.g4 Rb1 48.Kg3 Rg1+ 49.Kf3 Rh1 50.Kg2 Rc1  0-1

[Event "XLII Rilton Cup"]
[Site "Stockholm SWE"]
[Date "2012.12.27"]
[Round "1.4"]
[White "Zadruzny,N"]
[Black "Krasenkow,M"]
[Result "0-1"]
[WhiteElo "2257"]
[BlackElo "2628"]

1.d4 d6 2.e4 Nf6 3.Nc3 c6 4.Nf3 Bg4 5.Be2 e6 6.Bg5 Be7 7.e5 Bxf3 8.Bxf3 dxe5
9.dxe5 Nd5 10.Bxe7 Qxe7 11.Bxd5 cxd5 12.O-O Nd7 13.Nb5 Nxe5 14.Qd4 f6 15.Nxa7 O-O
16.f4 Nf7 17.Nb5 Rfc8 18.c3 Qd7 19.Qd3 e5 20.fxe5 fxe5 21.Rxf7 Kxf7 22.Qxh7 Rc6
23.Qh5+ Kg8 24.Qxe5 Re6 25.Qc7 Qxb5 26.Rf1 Qb6+  0-1

[Event "6th Augusta Aragon Open"]
[Site "Zaragoza ESP"]
[Date "2012.12.27"]
[Round "6.2"]
[White "Lopez Gracia,F"]
[Black "Strikovic,A"]
[Result "1-0"]
[WhiteElo "2368"]
[BlackElo "2509"]

1.e4 d6 2.d4 Nf6 3.Nc3 e5 4.Nf3 Nbd7 5.g4 Nxg4 6.Rg1 Ngf6 7.Bc4 exd4 8.Qxd4 Nb6
9.Bb3 Be6 10.Bxe6 fxe6 11.a4 c6 12.Be3 e5 13.Qd3 d5 14.exd5 Nbxd5 15.O-O-O Qe7
16.Nxd5 Nxd5 17.Bg5 Qe6 18.Rge1 Bd6 19.c4 Nb4 20.Qxd6 Qxc4+ 21.Kd2 Qc2+ 22.Ke3 Qb3+
23.Ke4 Qc4+ 24.Rd4 Qc2+ 25.Kxe5  1-0

[Event "36th Zurich Christmas Open"]
[Site "Zuerich SUI"]
[Date "2012.12.27"]
[Round "3.6"]
[White "Baramidze,D"]
[Black "Arribas Lopez,A"]
[Result "1-0"]
[WhiteElo "2615"]
[BlackElo "2477"]

1.d4 d6 2.e4 Nf6 3.Nc3 e5 4.Nf3 Nbd7 5.Bc4 Be7 6.O-O O-O 7.h3 c6 8.a4 a5
9.Re1 Nb6 10.Bd3 Nfd7 11.Ne2 exd4 12.Nexd4 Ne5 13.b3 Bf6 14.Rb1 Re8 15.Bf4 g6
16.Qd2 Nxd3 17.Qxd3 Be5 18.Bg5 Bf6 19.Bf4 Be5 20.Qd2 Nd7 21.Rbd1 Nc5 22.Nf5 Bxf4
23.Qxf4 gxf5 24.Rxd6 Bd7 25.Qg3+ Kf8 26.Ng5 Rxe4 27.Rxe4 Nxe4 28.Nxh7+ Ke7
29.Qe5+ Be6 30.Rxd8 Rxd8 31.f3 Rd1+ 32.Kh2 Nd2 33.Kg3 Nf1+ 34.Kf2 Rc1 35.Qxa5  1-0

[Event "Al Ain Classic 2012"]
[Site "Al-Ain UAE"]
[Date "2012.12.28"]
[Round "8.7"]
[White "Kravtsiv,M"]
[Black "Dimakiling,O"]
[Result "0-1"]
[WhiteElo "2593"]
[BlackElo "2453"]

1.e4 d6 2.d4 Nf6 3.Nc3 c6 4.f4 e6 5.Nf3 Be7 6.Bd3 b5 7.O-O b4 8.Ne2 Ba6 9.e5 Nd5
10.Bxa6 Nxa6 11.a3 c5 12.c3 Qa5 13.Bd2 bxc3 14.Nxc3 Nxc3 15.Bxc3 Qb5 16.exd6 Bxd6
17.d5 O-O 18.dxe6 Bxf4 19.Qd5 Nc7 20.Qe4 Nxe6 21.Nh4 Rae8 22.Nf5 Qb8 23.Kh1 f6
24.Rae1 Be5 25.Bxe5 fxe5 26.Qd5 Rf6 27.Rxe5 Rd8 28.Qe4 Qb3 29.h3 Kh8 30.Rf3 Qb8
31.Rg3 Rdf8 32.b4 cxb4 33.axb4 Qb6 34.Ne3 Nd4 35.Re7 g6 36.Qe5 Nc6 37.Nd5 Nxe5  0-1

[Event "Al Ain Classic 2012"]
[Site "Al-Ain UAE"]
[Date "2012.12.28"]
[Round "8.18"]
[White "Raetsky,A"]
[Black "Soloviova,L"]
[Result "1/2-1/2"]
[WhiteElo "2427"]
[BlackElo "2287"]

1.e4 d6 2.d4 Nf6 3.Nc3 c6 4.f4 g6 5.Nf3 Bg7 6.Bd3 O-O 7.e5 Nd5 8.Nxd5 cxd5
9.c3 dxe5 10.fxe5 f6 11.exf6 exf6 12.O-O Qd6 13.Be3 Nc6 14.Qd2 Be6 15.Rae1 Rae8
16.Bf4 Qd7 17.h3 a6 18.Qc2 b5 19.a4 Na5 20.axb5 axb5 21.Ra1 Nc4 22.b3 Nd6
23.Bxd6 Qxd6 24.Bxb5 Rb8 25.Ra6 Rb6 26.Rxb6 Qxb6 27.Bd3 Rc8 28.Kh1 Qc6 29.Qe2 Bf7
30.c4 dxc4 31.bxc4 Bh6 32.c5 Qd5 33.Bb5 Ra8 34.Qe7 Rb8 35.Bd7 Kg7 36.c6 Bf4
37.Re1 Bd6 38.Be6 Bxe7 39.Bxd5 Bb4 40.c7 Rc8 41.Rb1 Bxd5 42.Rxb4 Rxc7 43.Kh2 Rc3
44.Kg3 h5 45.h4  1/2-1/2

[Event "2nd Erfurter WGM"]
[Site "Erfurt GER"]
[Date "2012.12.28"]
[Round "5.2"]
[White "Yildiz,B"]
[Black "Michna,Mart"]
[Result "1/2-1/2"]
[WhiteElo "2379"]
[BlackElo "2383"]

1.e4 d6 2.d4 Nf6 3.Nc3 c6 4.Nf3 Bg4 5.h3 Bh5 6.Bd3 e6 7.g4 Bg6 8.Qe2 Be7
9.Bf4 d5 10.O-O-O dxe4 11.Nxe4 Nxe4 12.Bxe4 Bxe4 13.Qxe4 Qd5 14.Qxd5 cxd5
15.Ne5 O-O 16.h4 Nc6 17.h5 Nxe5 18.Bxe5 Rfc8 19.Rhg1 h6 20.Bf4 Bg5 21.Bd2 Bxd2+
22.Rxd2 Kf8 23.f4 Ke7 24.Rf1 Kd6 25.f5 f6 26.fxe6 Re8 27.Re2 Rxe6 28.Rxe6+ Kxe6
29.Kd2 Kd6 30.Re1 Rf8 31.b3 b5 32.Kd3  1/2-1/2

[Event "88th Hastings Masters"]
[Site "Hastings ENG"]
[Date "2012.12.28"]
[Round "1.4"]
[White "Ledger,D"]
[Black "Pickersgill,A"]
[Result "1-0"]
[WhiteElo "2266"]
[BlackElo "2029"]

1.e4 d6 2.d4 Nf6 3.Nc3 c6 4.f4 Qa5 5.Bd3 e5 6.Nf3 Bg4 7.Be3 Nbd7 8.O-O Be7
9.Qe1 Bxf3 10.gxf3 exf4 11.Bxf4 Nh5 12.Be3 g5 13.Ne2 Qxe1 14.Raxe1 O-O-O
15.b4 Rdg8 16.Kh1 Nhf6 17.Ng3 h5 18.Nf5 Bf8 19.c4 c5 20.a3 cxd4 21.Bxd4 Ne5
22.Rd1 b6 23.c5 bxc5 24.bxc5 Rg6 25.cxd6 Nxd3 26.Rxd3 Kd7 27.Rc1 Bxd6 28.Nxd6  1-0

[Event "XXIII Krakow Open"]
[Site "Krakow POL"]
[Date "2012.12.28"]
[Round "2.25"]
[White "Chmiel,M"]
[Black "Malaniuk,V"]
[Result "0-1"]
[WhiteElo "1982"]
[BlackElo "2523"]

1.e4 d6 2.d4 Nf6 3.Nc3 e5 4.Nf3 Nbd7 5.Bc4 Be7 6.O-O O-O 7.Re1 c6 8.a4 a5
9.h3 Nb6 10.Ba2 Nfd7 11.dxe5 dxe5 12.Nd2 Nc5 13.Nc4 Nxc4 14.Bxc4 Be6 15.Bxe6 Nxe6
16.Be3 Bc5 17.Bxc5 Nxc5 18.b3 Qb6 19.Qd6 f6 20.Nd5 Qa7 21.Ne7+ Kh8 22.Rad1 g6
23.g4 Rf7 24.g5 Raf8 25.Re2 Na6 26.gxf6 Qc5 27.Red2 Rxf6 28.Qxc5 Nxc5 29.Rd8 Nxe4
30.R1d7 Rxd8 31.Rxd8+ Kg7 32.Nc8 Nxf2 33.Rd7+ Kh6 34.Kg2 Ne4 35.Rxb7 Rf2+
36.Kg1 Rxc2 37.Ne7 Ng5 38.h4 Nf3+ 39.Kf1 Nxh4 40.Ng8+ Kg5 41.Rxh7 Nf3 42.Ra7 e4
43.Rxa5+ Kf4 44.Ra8 Ke3  0-1

[Event "XXIII Krakow Open"]
[Site "Krakow POL"]
[Date "2012.12.28"]
[Round "2.14"]
[White "Hnydiuk,A"]
[Black "Khamidov,K"]
[Result "1/2-1/2"]
[WhiteElo "2416"]
[BlackElo "2095"]

1.d4 d6 2.e4 Nf6 3.Nc3 c6 4.f4 Qa5 5.Bd3 e5 6.Nf3 Bg4 7.Be3 exd4 8.Bxd4 Qb4
9.Bxf6 gxf6 10.Qd2 Bxf3 11.gxf3 Qxb2 12.Rb1 Qa3 13.Rxb7 Bh6 14.Ne2 Nd7 15.Qb4 Qxb4+
16.Rxb4 Nc5 17.Rg1 Ke7 18.Rg4 f5 19.Rh4 Bg7 20.Kd2 fxe4 21.fxe4 h5 22.Ng3 Bf6
23.Rxh5 Rxh5 24.Nxh5 Rg8 25.Ng3 Rh8 26.Nf1 Rh4 27.Ke3 Bg7 28.Ng3 Kd7 29.Bc4  1/2-1/2

[Event "22nd North American Open"]
[Site "Las Vegas USA"]
[Date "2012.12.28"]
[Round "5.20"]
[White "Krishnan,V"]
[Black "Young,An"]
[Result "0-1"]
[WhiteElo "2217"]
[BlackElo "2341"]

1.e4 d6 2.d4 Nf6 3.Nc3 c6 4.f3 Qc7 5.Be3 a6 6.Qd2 e6 7.g4 h6 8.h4 b5 9.Bh3 Nfd7
10.O-O-O Nb6 11.Bf4 Nc4 12.Qd3 e5 13.Bg3 Qa5 14.Rf1 g5 15.Be1 Nd7 16.Kb1 Bg7
17.Nce2 Qc7 18.c3 exd4 19.Nxd4 Nc5 20.Qe2 O-O 21.hxg5 hxg5 22.Bd2 Na4 23.Bc1 c5
24.Nf5 Bxf5 25.gxf5 Rfb8 26.Qc2 Naxb2 27.Bxb2 b4 28.Bc1 bxc3+ 29.Ka1 Rb2
30.Qb1 Rab8 31.Qd3 Rxa2+ 32.Kxa2 Qa5+  0-1

[Event "XLII Rilton Cup"]
[Site "Stockholm SWE"]
[Date "2012.12.28"]
[Round "2.36"]
[White "Kassani,Sam"]
[Black "Cederstam-Barsk,Carl"]
[Result "1-0"]
[WhiteElo "2099"]
[BlackElo "2229"]

1.d4 d6 2.e4 Nf6 3.Nc3 c6 4.Be2 b5 5.a3 a6 6.Be3 Bb7 7.f4 e6 8.Qd2 c5 9.dxc5 Nxe4
10.Nxe4 Bxe4 11.cxd6 Qxd6 12.Qxd6 Bxd6 13.Bf3 Bxf3 14.Nxf3 Nc6 15.Rd1 Rd8
16.Bb6 Rd7 17.g3 Ne7 18.O-O h5 19.Rd3 Nd5 20.Bd4 h4 21.c3 hxg3 22.hxg3 Ne7
23.Rfd1 Nf5 24.Bf2 Rh6 25.Ne5 Rc7 26.Rxd6 Nxd6 27.Rxd6 f6 28.Nc6 Rd7 29.Rxd7 Kxd7
30.Nb8+ Kd6 31.Nxa6 Kd5 32.Nc7+ Kc4 33.Nxe6 Kb3 34.Nd4+ Kxb2 35.Nxb5 Rh5
36.a4 Kb3 37.Bd4 Kxa4 38.Nd6 Rd5 39.Nc4 Kb3 40.Ne3 Rd7 41.f5 Kb2 42.Kf2 Kc1
43.Kf3 Kd2 44.Ke4 Re7+ 45.Kd5 Kd3 46.Ng4 Ke2 47.Nxf6 gxf6 48.Bxf6 Rb7 49.Ke4 Kf2
50.Be5 Kg2 51.f6 Kh3 52.Kf5  1-0

[Event "3rd Arco Christmas"]
[Site "Arco ITA"]
[Date "2012.12.29"]
[Round "5.9"]
[White "Bevilacqua,M"]
[Black "Seresin,Francesco"]
[Result "1-0"]
[WhiteElo "2092"]
[BlackElo "1693"]

1.d4 d6 2.e4 Nf6 3.Nc3 c6 4.g3 Nbd7 5.Bg2 e5 6.Nge2 Be7 7.h3 Qc7 8.Be3 b6
9.O-O Ba6 10.Re1 Rd8 11.a4 O-O 12.f4 Bb7 13.d5 cxd5 14.exd5 a6 15.g4 exf4
16.Nxf4 Ne5 17.Bd4 Nfd7 18.Ne4 Nc5 19.Ng3 g6 20.Ra3 Bf6 21.b4 Ncd7 22.Qa1 Rfe8
23.Rae3 Qc4 24.c3 Bg7 25.Ne4 Qc7 26.Bf1 h6 27.c4 Kh7 28.Qc3 Rc8 29.Rc1 Bf8
30.Qe1 Bg7 31.Ba1 g5 32.Nh5 Bxd5 33.Nxg7 Kxg7 34.Ng3 Be6 35.c5 f6 36.Bxa6 Bd5
37.Nf5+ Kh7 38.Qf2 Ra8 39.Bb5 dxc5 40.bxc5 bxc5 41.Rd1 Bc6 42.Nd6 Re6 43.Qf5+  1-0